000
00292nam a22001337a 4500
003
SGT
082
_a
617.6342
_b
P12M
100
_a
MITRA, MAHAK
245
_a
PAIN MANAGEMENT IN ENDODONTICS
260
_a
SGTU
_c
2021
300
_a
170
650
_a
CONSERVATIVE DENTISTRY
942
_2
ddc
_c
TH
999
_c
21122
_d
21122